书目信息 |
| 题名: |
交通隧道工程
|
|
| 作者: | 彭立敏 , 刘小兵 主编 | |
| 分册: | ||
| 出版信息: | 长沙 中南大学出版社 2003.10 |
|
| 页数: | 325页 | |
| 开本: | 26cm | |
| 丛书名: | ||
| 单 册: | ||
| 中图分类: | U45 | |
| 科图分类: | ||
| 主题词: | 交通工程--jiao tong gong cheng--隧道工程--高等学校--教材 | |
| 电子资源: | ||
| ISBN: | 7-81061-778-8 | |
| 000 | 00894nam0 2200253 450 | |
| 001 | 012006695256 | |
| 005 | 20070428100309.54 | |
| 010 | @a7-81061-778-8@dCNY38.00 | |
| 100 | @a20061130d2003 km y0chiy0120 ea | |
| 101 | 0 | @achi |
| 102 | @aCN@b430000 | |
| 105 | @aa a 000yy | |
| 200 | 1 | @a交通隧道工程@Ajiao tong sui dao gong cheng@f彭立敏, 刘小兵主编@Fpeng li min,liu xiao bing zhu bian |
| 210 | @a长沙@c中南大学出版社@d2003.10 | |
| 215 | @a325页@c图@d26cm | |
| 300 | @a高等学校教材 | |
| 320 | @a有书目 (第325页)。 | |
| 330 | @a本书系统地介绍了山岭交通隧道的勘测设计、主体建筑与附属建筑、围岩分类与围岩压力、衬砌结构的设计与计算、隧道施工方法与工艺等。 | |
| 606 | 0 | @a交通工程@Ajiao tong gong cheng@x隧道工程@x高等学校@j教材 |
| 690 | @aU45@v4 | |
| 701 | 0 | @a彭立敏@Apeng li min@4主编 |
| 701 | 0 | @a刘小兵@Aliu xiao bing@4主编 |
| 801 | 0 | @aCN@c20070428 |
| 905 | @a10447@dU45@eP514 | |
| 交通隧道工程/彭立敏, 刘小兵主编.-长沙:中南大学出版社,2003.10 |
| 325页:图;26cm |
| 高等学校教材 |
| ISBN 7-81061-778-8:CNY38.00 |
| 本书系统地介绍了山岭交通隧道的勘测设计、主体建筑与附属建筑、围岩分类与围岩压力、衬砌结构的设计与计算、隧道施工方法与工艺等。 |
| ● |
| 相关链接 |
|
|
|
正题名:交通隧道工程
索取号:U45/P514
 
预约/预借
| 序号 | 登录号 | 条形码 | 馆藏地/架位号 | 状态 | 备注 |
| 1 | 235825 | 202358251 | 自科库501/501自科库 55排5列2层/ [索取号:U45/P514] | 在馆 | |
| 2 | 235826 | 202358260 | 自科库501/501自科库 55排5列2层/ [索取号:U45/P514] | 在馆 |